La condición humana

保存先:
書誌詳細
第一著者: Arendt, Hannah (著者)
フォーマット: 図書
言語:スペイン語
出版事項: Barcelona Paidós 2005
版:1a. ed
シリーズ:Paidós Surcos, 15
主題:
タグ: タグ追加
タグなし, このレコードへの初めてのタグを付けませんか!

MARC

LEADER 00000cam a2200000 a 4500
001 UCH0569
003 CL-VaPUC
008 090320e20050000SP |||||||||||||||||spa|d
020 |a 8449318238 
082 0 4 |a 128  |b ARE  |2 21 
100 0 |a Arendt, Hannah  |e author  |9 376197 
245 1 3 |a La condición humana 
250 |a 1a. ed 
300 |a 358 p 
942 |c BK 
945 |d 20090320 00:00:00  |a rbrito 
260 |a Barcelona  |b Paidós  |c 2005 
650 0 |a Humanismo  |9 256530 
650 0 |a Naturaleza humana   |9 308593 
650 0 |a Antropología filosófica  |9 265842 
583 |a last modification  |c 20151111 10:14:04  |k Rodrigo Vera 
490 0 |a Paidós Surcos, 15 
999 |c 332852  |d 332850 
952 |0 0  |1 0  |4 0  |6 128_000000000000000_ARE_2005  |7 0  |8 A  |9 420861  |a BIBCUR  |b BIBCUR  |d 2019-11-22  |i 4522613  |l 1  |m 2  |o 128 ARE 2005  |p 4522613  |r 2025-04-22  |s 2023-04-24  |w 2019-11-22  |y BK  |k PER 
952 |0 0  |1 0  |3 erb  |4 0  |6 128_000000000000000_ARE_2005  |7 0  |8 A  |9 420862  |a BIBEDU  |b BIBEDU  |i 5249775  |l 6  |m 1  |o 128 ARE 2005  |p 5249775  |r 2024-12-13  |s 2024-11-13  |w 2019-11-22  |y BK  |z Catalogado en:20151112  |k FIL 
952 |0 0  |1 0  |3 erb  |4 0  |6 128_000000000000000_ARE_2005  |7 0  |8 A  |9 420863  |a BIBGIM  |b BIBGIM  |i 5254728  |o 128 ARE 2005  |p 5254728  |r 2025-01-15  |w 2019-11-22  |y BK  |z Catalogado en:20151204  |k SSL 
952 |0 0  |1 0  |3 erb  |4 0  |6 128_000000000000000_ARE_2005  |7 0  |8 A  |9 420864  |a BIBGIM  |b BIBGIM  |i 525471K  |l 4  |m 6  |o 128 ARE 2005  |p 525471K  |r 2025-01-15  |s 2024-04-15  |w 2019-11-22  |y BK  |z Catalogado en:20151204  |k SSL 
952 |0 0  |1 0  |3 erb  |4 0  |6 128_000000000000000_ARE_2005  |7 0  |8 A  |9 420865  |a BIBGIM  |b BIBGIM  |i 5254701  |l 3  |m 2  |o 128 ARE 2005  |p 5254701  |r 2025-01-15  |s 2024-04-01  |w 2019-11-22  |y BK  |z Catalogado en:20151204  |k SSL 
952 |0 0  |1 0  |3 erb  |4 0  |6 128_000000000000000_ARE_2005  |7 0  |8 A  |9 420866  |a BIBGIM  |b BIBGIM  |i 5254698  |l 2  |m 2  |o 128 ARE 2005  |p 5254698  |r 2025-01-15  |s 2024-03-25  |w 2019-11-22  |y BK  |z Catalogado en:20151204  |k SSL 
952 |0 0  |1 0  |3 erb  |4 0  |6 128_000000000000000_ARE_2005  |7 0  |8 A  |9 420867  |a BIBEDU  |b BIBEDU  |i 5377455  |o 128 ARE 2005  |p 5377455  |r 2019-11-22  |w 2019-11-22  |y BK  |z Catalogado en:20170527  |k FIL